| 000 | 00982cam a2200277 a 4500 | ||
|---|---|---|---|
| 008 | |||
| 020 | _a075066794X (pbk. ) | ||
| 049 | _aMAIN | ||
| 090 |
_aHF5549 _bPOR |
||
| 100 | 1 | _aPorter, Keith | |
| 245 | 1 | 0 |
_aLeadership and management for HR professionals / _cKeith Porter, Paul Smith and Roger Fagg. |
| 250 | _a3rd. ed. | ||
| 260 |
_aOxford : _bElsevier Butterworth-Heinemann, _c2006. |
||
| 300 |
_aix, 577 p. : _bill. ; _c27 cm. |
||
| 500 | _aPrevious ed.: published as Core management for HR students and practitioners by Peter W. Winfield, Ray Bishop, Keith Porter. Oxford: Elsevier Butterworth-Heinemann, 2004. | ||
| 504 | _aIncludes bibliographical references . | ||
| 500 | _aInclues index. | ||
| 650 | 0 | _aPersonnel management. | |
| 700 | 1 | _aSmith, Paul. | |
| 700 | 1 | _aFagg, Roger. | |
| 907 |
_a.b10251807 _b16-06-09 _c24-09-07 |
||
| 003 | |||
| 005 | 20230123134508.0 | ||
| 040 | _cNUST | ||
| 942 |
_cBOOKS _kHF5549 _mPOR |
||
| 999 |
_c166939 _d166939 |
||